| 000 | 01111nam a2200373 a 4500 | ||
|---|---|---|---|
| 001 | vtls000030056 | ||
| 003 | NLI | ||
| 005 | 20210601183244.0 | ||
| 008 | 101125s1949 nyua 000 0 eng | ||
| 020 | _c$ 5.00 | ||
| 039 | 9 |
_y201011250241 _zVLOAD |
|
| 040 | 0 |
_aNLI _beng _cVERGIS-2003 |
|
| 041 | 0 | _aeng | |
| 044 | _anyu | ||
| 082 | 0 | 4 | _a767.2 |
| 100 | 1 |
_aVan Sinderen Adrian _989641 |
|
| 245 | 1 | 0 |
_aBlake: _bthe mystic genius/ _cAdrian Van Sinderen |
| 260 |
_aSyrancuse, NY.: _bSyrancuse University Press, _c1949 |
||
| 300 |
_a119 p.: _bill.; _c23 cm. |
||
| 504 | _aBibliogrophy: p. 119 | ||
| 650 | 0 | _aEtching | |
| 650 | 0 |
_aArt _xPhilosophy |
|
| 650 | 0 |
_aEngraving _986170 |
|
| 887 | _aSivankalai S. | ||
| 901 |
_a374173 _b18/03/1965 |
||
| 902 | _aE 767.2 V 26 | ||
| 903 | _a29/03/2004 | ||
| 904 | _aSivankalai S. | ||
| 906 | _a030116 | ||
| 949 |
_AVIRTUAITEM _D10000 _F1 _X100 _6PUR000374173ENG _aE 767.2 V26 |
||
| 942 |
_2ddc _cBKS |
||
| 999 |
_aVIRTUA _c33366 _d33366 |
||
| 999 | _aVTLSSORT0080*0200*0400*0410*0440*0820*1000*2450*2600*3000*5040*6500*6501*6502*8520*9010*9020*9030*9040*9060*9490*9991 | ||